Generative AI for Everyone (Record no. 13323)

MARC details
000 -LEADER
fixed length control field 00461nam a22001937a 4500
003 - CONTROL NUMBER IDENTIFIER
control field OSt
008 - FIXED-LENGTH DATA ELEMENTS--GENERAL INFORMATION
fixed length control field 250418b |||||||| |||| 00| 0 eng d
020 ## - INTERNATIONAL STANDARD BOOK NUMBER
International Standard Book Number 9789365897388
082 ## - DEWEY DECIMAL CLASSIFICATION NUMBER
Classification number 006.3 SAG
100 ## - MAIN ENTRY--PERSONAL NAME
Personal name SABESAN,Karthikeyan
245 ## - TITLE STATEMENT
Title Generative AI for Everyone
250 ## - EDITION STATEMENT
Edition statement 1st Ed
260 ## - PUBLICATION, DISTRIBUTION, ETC. (IMPRINT)
Place of publication, distribution, etc New Delhi
Name of publisher, distributor, etc 2025
300 ## - PHYSICAL DESCRIPTION
Extent 393
650 ## - SUBJECT ADDED ENTRY--TOPICAL TERM
Topical term or geographic name as entry element Generative AI for Everyone
700 ## - ADDED ENTRY--PERSONAL NAME
Personal name SIVAGAMISUNDARI
700 ## - ADDED ENTRY--PERSONAL NAME
Personal name DUTTA,Nilip
942 ## - ADDED ENTRY ELEMENTS (KOHA)
Source of classification or shelving scheme Dewey Decimal Classification
Koha item type Text Books
Holdings
Withdrawn status Lost status Source of classification or shelving scheme Damaged status Not for loan Collection code Home library Current library Date acquired Source of acquisition Currency Cost, normal purchase price Bill Number Total Checkouts Full call number Acc. no. / Barcode Date last seen Actual Cost, discounted price Bill Date Koha item type
    Dewey Decimal Classification     B.Tech(CSE) PIET C-LIBRARY PIET C-LIBRARY 11/04/2025 Zaffa Books INR 999.00 ZBD0033   006.3 SAG 39225 18/04/2025 729.27 11/04/2025 Reference Books
    Dewey Decimal Classification     B.Tech(CSE) PIET C-LIBRARY PIET C-LIBRARY 11/04/2025 Zaffa Books INR 999.00 ZBD0033   006.3 SAG 39226 18/04/2025 729.27 11/04/2025 Text Books

Design & Developed by: PIET Central Library
R70 Miles Stone Pattikalyana Samalkha Panipat 132102
mail ID :- [email protected], Phone No:- 0180-2569700 Ex.216